00309nam a2200109Ia 450000500170000000800410001702000180005808200190007610000200009524500460011526000380016120250516145653.0250516s9999 xx 000 0 und d a9788024643793 a230.092bSLÁ aSládek, Karel 0aTomáš Špidlík: A Theological Life bUniversity of Chicago Pressc2020